First 100 Words of The Mysterious Benedict Society - Statistics

General Stats
  • This quiz has been taken 14 times
  • The average score is 41 of 100
Answer Stats
Answer % Correct
a
89%
to
89%
In
78%
in
78%
on
78%
the
78%
an
67%
be
67%
It
67%
or
67%
was
67%
and
56%
had
56%
he
56%
of
56%
his
44%
If
44%
no
44%
one
44%
been
33%
but
33%
day-
33%
Reynie
33%
town.
33%
any
22%
boy
22%
Building
22%
called
22%
first
22%
Monk
22%
Muldoon
22%
nothing
22%
other
22%
pencil
22%
second
22%
Street,
22%
test.
22%
test
22%
that
22%
3rd
11%
After
11%
bring
11%
city
11%
forget
11%
happened
11%
Harbour,
11%
important
11%
late,
11%
later
11%
named
11%
o'clock.
11%
office
11%
pencils,
11%
port
11%
preparing
11%
rubber,
11%
side
11%
single
11%
Stonetown,
11%
Stonetown
11%
take
11%
than
11%
told
11%
two
11%
arrive
0%
come
0%
here,
0%
near
0%
No matching quizzes found
Score Distribution
Percent of People with Each Score
Percentile by Number Answered
Your Score History
You have not taken this quiz